000 00445cam a22001934a 4500
005 20250605164154.0
008 250528s ||||||||||||||||||||||||d
035 _a19515
020 _a393960897
040 _aGR-AtMCL
_bgre
_dGR-AtMCL
_eAACR2
245 1 _aUSING QUICKMOD
250 _a1
260 _bW.W. Norton & Company,
_c1990
300 _a121
700 1 _aCooper Doug
_94449
942 _cBK
999 _c4771
_d4771